| 000 | 00368nam a2200133Ia 4500 | ||
|---|---|---|---|
| 008 | 150202s9999 xx 000 0 und d | ||
| 020 | _a373761414 | ||
| 050 |
_aFIC _bFIC |
||
| 100 | _aBrowning, Dixie. | ||
| 245 | 4 |
_aThe passionate G-Man / _cDixie Browning. |
|
| 260 |
_aAustralia : _bSilhouette Books, _c1998. |
||
| 300 |
_a184 pages : _c18 cm. |
||
| 650 | _aFiction. | ||
| 999 |
_c281876 _d281876 |
||